| 000 | 00795nam0a22002531 4500 | ||
|---|---|---|---|
| 001 | rc\3270326 | ||
| 005 | 20250609172538.0 | ||
| 021 |
_aRU _b[70-46991] |
||
| 035 | _a(NLR Aleph) 007392194 | ||
| 090 |
_a6622668 _c6622668 |
||
| 100 | _a20130115d1970 |||y0rusy50 ca | ||
| 101 | 0 | _arus | |
| 102 | _aRU | ||
| 105 | _aa z |||a| | ||
| 200 | 1 |
_aЧто у нас во дворе? _e[Рассказ _eДля дошкольного возраста _fИл.: Б. Кыштымов |
|
| 210 |
_aМосква] _cМалыш _d[1970] |
||
| 215 |
_a[19] с. _cил. _d25х25 |
||
| 700 | 1 |
_aЦыферов _bГ.М. _gГеннадий Михайлович |
|
| 702 | 1 |
_aКыштымов _bБ. _4440 |
|
| 801 | 0 |
_aRU _bNLR _gpsbo |
|
| 801 | 1 |
_aRU _bELAR _2rusmarc |
|
| 852 |
_aNLR _j69-7/3388 |
||
| 942 | _cBOOK | ||
| 980 | _aNB | ||